Dzogchen : (Record no. 119799)
[ view plain ]
| 000 -LEADER | |
|---|---|
| fixed length control field | 01536cam a22003254a 4500 |
| 001 - CONTROL NUMBER | |
| control field | 12110964 |
| 003 - CONTROL NUMBER IDENTIFIER | |
| control field | ARRUPE |
| 005 - DATE AND TIME OF LATEST TRANSACTION | |
| control field | 20140130162513.0 |
| 008 - FIXED-LENGTH DATA ELEMENTS--GENERAL INFORMATION | |
| fixed length control field | 000721s2000 nyua b 001 0 eng |
| 010 ## - LIBRARY OF CONGRESS CONTROL NUMBER | |
| LC control number | 00010505 |
| 020 ## - INTERNATIONAL STANDARD BOOK NUMBER | |
| International Standard Book Number | 155939157X (acidfree recycled paper) |
| 040 ## - CATALOGING SOURCE | |
| Original cataloging agency | DLC |
| Transcribing agency | DLC |
| Modifying agency | DLC |
| 041 1# - LANGUAGE CODE | |
| Language code of text/sound track or separate title | eng |
| Language code of original and/or intermediate translations of text | tib |
| 042 ## - AUTHENTICATION CODE | |
| Authentication code | pcc |
| 050 00 - LIBRARY OF CONGRESS CALL NUMBER | |
| Classification number | BQ7662.4 |
| Item number | .B783 2000 |
| 082 00 - DEWEY DECIMAL CLASSIFICATION NUMBER | |
| Classification number | 294.3/420423 |
| Edition number | 21 |
| 300 ## - PHYSICAL DESCRIPTION | |
| Other physical details | ill. ; |
| Dimensions | 24 cm. |
| 100 0# - MAIN ENTRY--PERSONAL NAME | |
| Personal name | Bstan-ʼdzin-rgya-mtsho, |
| Titles and other words associated with a name | Dalai Lama XIV, |
| Dates associated with a name | 1935- |
| 9 (RLIN) | 7423 |
| 245 10 - TITLE STATEMENT | |
| Title | Dzogchen : |
| Remainder of title | the heart essence of the great perfection : Dzogchen teachings given in the West / |
| Statement of responsibility, etc | by His Holiness the Dalai Lama ; translated by Geshe Thupten Jinpa and Richard Barron (Chökyi Nyima) ; edited by Patrick Gaffney for Rigpa. |
| 260 ## - PUBLICATION, DISTRIBUTION, ETC. (IMPRINT) | |
| Place of publication, distribution, etc | Ithaca, NY, USA : |
| Name of publisher, distributor, etc | Snow Lion Publications, |
| Date of publication, distribution, etc | 2000. |
| 300 ## - PHYSICAL DESCRIPTION | |
| Extent | 271 p., [8] p. of plates : |
| 504 ## - BIBLIOGRAPHY, ETC. NOTE | |
| Bibliography, etc | Includes bibliographical references (p. [249]-256) and index. |
| 650 #0 - SUBJECT ADDED ENTRY--TOPICAL TERM | |
| Topical term or geographic name as entry element | Rdzogs-chen (Rñiṅ-ma-pa) |
| 9 (RLIN) | 7424 |
| 700 1# - ADDED ENTRY--PERSONAL NAME | |
| Personal name | Thupten Jinpa. |
| 9 (RLIN) | 7425 |
| 700 1# - ADDED ENTRY--PERSONAL NAME | |
| Personal name | Barron, Richard. |
| 9 (RLIN) | 7426 |
| 700 1# - ADDED ENTRY--PERSONAL NAME | |
| Personal name | Gaffney, Patrick, |
| Dates associated with a name | 1949- |
| 9 (RLIN) | 7427 |
| 710 2# - ADDED ENTRY--CORPORATE NAME | |
| Corporate name or jurisdiction name as entry element | Rigpa. |
| 9 (RLIN) | 7428 |
| 906 ## - LOCAL DATA ELEMENT F, LDF (RLIN) | |
| a | 7 |
| b | cbc |
| c | orignew |
| d | 1 |
| e | ecip |
| f | 20 |
| g | y-gencatlg |
| 942 ## - ADDED ENTRY ELEMENTS (KOHA) | |
| Source of classification or shelving scheme | Library of Congress Classification |
| Koha item type | Monograph ( Printed materials) |
| Withdrawn status | Lost status | Source of classification or shelving scheme | Damaged status | Not for loan | Collection code | Home library | Current library | Shelving location | Date acquired | Total Checkouts | Full call number | Barcode | Date last seen | Price effective from | Koha item type |
|---|---|---|---|---|---|---|---|---|---|---|---|---|---|---|---|
| Library of Congress Classification | Main Collection | ARRUPE LIBRARY | ARRUPE LIBRARY | Main Collection | 30/01/2014 | BQ7662.4 .B783 2000 | 46412087 | 15/11/2016 | 30/01/2014 | Monograph ( Printed materials) |